| 000 | 00995nam a22003015a 4500 | ||
|---|---|---|---|
| 005 | 20150816160644.0 | ||
| 008 | 090129t2003 -usa|||fr|||| 001 0 eng d | ||
| 010 | _a2002067853 | ||
| 020 | _a0072373385 | ||
| 020 | _a0071122818 | ||
| 020 | _a9780071122818 | ||
| 040 |
_aEG-ScBUE _beng _cEG-ScBUE |
||
| 082 | 0 | 4 |
_a621.815 _bULL _222 |
| 100 | 1 | _aUllman, David G., | |
| 245 | 1 | 4 |
_aThe mechanical design process / _cDavid G. Ullman. |
| 250 | _a3rd ed. | ||
| 260 |
_aBoston : _bMcGraw-Hill, _cc.2003. |
||
| 300 |
_axv, 415 p. : _bill. ; _c24cm. |
||
| 490 | _aMcGraw-Hill series in mechanical engineering | ||
| 500 | _aIndex : p. 399-415. | ||
| 590 | _ayassmeen ashraf | ||
| 650 | 0 |
_aMachine design. _2BUEsh |
|
| 651 | _2BUEsh | ||
| 653 |
_bENGMEC _cAugust2015 |
||
| 856 | 4 | 2 |
_3Publisher description _uhttp://www.loc.gov/catdir/description/mh024/2002067853.html |
| 856 | 4 | 2 |
_3Table of contents _uhttp://www.loc.gov/catdir/toc/mh023/2002067853.html |
| 942 |
_cBB _k621.815 ULL _2ddc |
||
| 999 |
_c5747 _d5747 |
||